Betegelégedettség mérések közforgalmú gyógyszertárakban módszertani útmutató /

Elmentve itt :
Bibliográfiai részletek
Szerzők: Pallagi Edina
Kovács Anita
Gyarmatiné Fehér Barbara
Csóka Ildikó
Kurucz Róbert
Dokumentumtípus: Könyv
Kulcsszavak:elégedettség
fogyasztói
fogyasztói magatartás
közvéleménykutatás
kérdőíves módszer
Tárgyszavak:
Online Access:http://eta.bibl.u-szeged.hu/1230
LEADER 01077nnm a2200301 i 4500
001 eta1230
005 20181126152258.0
008 181126suuuu hu o 0|| hun d
040 |a SZTE Elektronikus Tananyag Archívum  |b hun 
041 |a hun 
100 1 |a Pallagi Edina 
245 1 0 |a Betegelégedettség mérések közforgalmú gyógyszertárakban   |h [elektronikus dokumentum] :  |b módszertani útmutató /  |c  Pallagi Edina 
300 |a 53 
516 |a Book 
650 4 |a Orvos- és egészségtudomány 
650 4 |a Általános orvostudomány 
650 4 |a Társadalomtudományok 
695 |a elégedettség 
695 |a fogyasztói 
695 |a fogyasztói magatartás 
695 |a közvéleménykutatás 
695 |a kérdőíves módszer 
700 0 1 |a Csóka Ildikó 
700 0 1 |a Kovács Anita  |e aut 
700 0 2 |a Gyarmatiné Fehér Barbara  |e aut 
700 0 2 |a Csóka Ildikó  |e aut 
700 0 2 |a Kurucz Róbert  |e aut 
856 4 0 |u https://eta.bibl.u-szeged.hu/1230/1/betegelegedettseg_meresek_kozforgalmu_gyogyszertarakban___modszertani_utmutato.pdf  |z Dokumentum-elérés